Структурно-фазовое состояние сплава РЗМ-Fe(Со), полученного кальцетермическим внепечным восстановлением их фторидов; Водород. Технологии. Будущее

Bibliografiset tiedot
Parent link:Водород. Технологии. Будущее.— 2021.— [С. 86]
Yhteisötekijä: Национальный исследовательский Томский политехнический университет Инженерная школа ядерных технологий Отделение экспериментальной физики
Muut tekijät: Буйновский А. С. Александр Сергеевич, Клопотов А. А., Грачев Е. К., Сыртанов М. С. Максим Сергеевич, Абзаев Ю. А.
Yhteenveto:Заглавие с экрана
Kieli:venäjä
Julkaistu: 2021
Sarja:Взаимодействие водорода с конструкционными материалами и безопасность водородных технологий
Aiheet:
Linkit:http://earchive.tpu.ru/handle/11683/69231
Aineistotyyppi: MixedMaterials Elektroninen Kirjan osa
KOHA link:https://koha.lib.tpu.ru/cgi-bin/koha/opac-detail.pl?biblionumber=633990

MARC

LEADER 00000naa2a2200000 4500
001 633990
005 20240125104606.0
035 |a (RuTPU)RU\TPU\conf\35740 
035 |a RU\TPU\conf\35738 
090 |a 633990 
100 |a 20211213d2021 k y0rusy50 ca 
101 0 |a rus 
102 |a RU 
105 |a y z 101zy 
135 |a drcn ---uucaa 
181 0 |a i  
182 0 |a b 
200 1 |a Структурно-фазовое состояние сплава РЗМ-Fe(Со), полученного кальцетермическим внепечным восстановлением их фторидов  |f А. С. Буйновский, А. А. Клопотов, Е. К. Грачев [и др.] 
203 |a Текст  |c электронный 
225 1 |a Взаимодействие водорода с конструкционными материалами и безопасность водородных технологий 
300 |a Заглавие с экрана 
320 |a [Библиогр.: с. 86 (3 назв.)] 
463 0 |0 (RuTPU)RU\TPU\conf\35732  |t Водород. Технологии. Будущее  |o сборник тезисов докладов II Всероссийской конференции с международным участием, г. Томск, 25-27 октября 2021 г.  |f Национальный исследовательский Томский политехнический университет (ТПУ) ; под ред. А. М. Лидера, В. Е. Губина, М. С. Сыртанова  |v [С. 86]  |d 2021 
610 1 |a электронный ресурс 
610 1 |a труды учёных ТПУ 
610 1 |a структурно-фазовые состояния 
610 1 |a восстановление 
610 1 |a фториды 
610 1 |a сплавы 
610 1 |a постоянные магниты 
610 1 |a водород 
701 1 |a Буйновский  |b А. С.  |c химик  |c профессор Томского политехнического университета  |f 1940-  |g Александр Сергеевич  |3 (RuTPU)RU\TPU\pers\21950 
701 1 |a Клопотов  |b А. А. 
701 1 |a Грачев  |b Е. К. 
701 1 |a Сыртанов  |b М. С.  |c физик  |c доцент, научный сотрудник Томского политехнического университета, кандидат технических наук  |f 1990-  |g Максим Сергеевич  |3 (RuTPU)RU\TPU\pers\34762  |9 18112 
701 1 |a Абзаев  |b Ю. А. 
712 0 2 |a Национальный исследовательский Томский политехнический университет  |b Инженерная школа ядерных технологий  |b Отделение экспериментальной физики  |3 (RuTPU)RU\TPU\col\23549 
801 2 |a RU  |b 63413507  |c 20230201  |g RCR 
856 4 |u http://earchive.tpu.ru/handle/11683/69231 
942 |c BK